[Event "XtraCon-Skakligaen"]
[Site "Denmark"]
[Date "2010.01.09"]
[Round "4.5"]
[White "Hansen, Bjarne"]
[Black "Bekker Jensen, David"]
[Result "1-0"]
[WhiteElo "2248"]
[BlackElo "2343"]
[PlyCount "69"]
[EventDate "2009.11.07"]
[EventType "team-tourn"]
[EventRounds "9"]
[WhiteTeam "SK1968"]
[BlackTeam "Bronshoj"]
[WhiteTeamCountry "DEN"]
[BlackTeamCountry "DEN"]

1. d4 Nf6 2. c4 g6 3. Nc3 Bg7 4. e4 O-O 5. Bd3 d6 6. Nge2 Nc6 7. O-O Nh5 8. Bc2
e5 9. d5 Ne7 10. Ng3 Nf4 11. Re1 h5 12. Nge2 Bh6 13. Nxf4 exf4 14. h3 h4 15.
Qf3 g5 16. e5 dxe5 17. Rxe5 Qd6 18. Re2 Bf5 19. Ne4 Qg6 20. Bd2 f6 21. Qb3 b5
22. cxb5 Kh8 23. Bc3 f3 24. gxf3 Bg7 25. Bb4 Rf7 26. Rae1 Qh5 27. Bxe7 Rxe7 28.
Nxf6 Bxc2 29. Nxh5 Rxe2 30. Qb4 Rae8 31. Rxe2 Rxe2 32. Nxg7 Kxg7 33. Qc5 Re1+
34. Kg2 Bf5 35. Qc3+ 1-0

[Event "XtraCon-Skakligaen"]
[Site "Denmark"]
[Date "2010.01.09"]
[Round "4.7"]
[White "Larsen, Pelle O"]
[Black "Pedersen, Peter Brondt"]
[Result "1/2-1/2"]
[WhiteElo "2132"]
[BlackElo "2134"]
[PlyCount "38"]
[EventDate "2009.11.07"]
[EventType "team-tourn"]
[EventRounds "9"]
[WhiteTeam "SK1968"]
[BlackTeam "Bronshoj"]
[WhiteTeamCountry "DEN"]
[BlackTeamCountry "DEN"]

1. Nf3 g6 2. e4 Bg7 3. d4 d6 4. Nc3 a6 5. a4 b6 6. Bc4 e6 7. O-O Ne7 8. Re1 h6
9. Be3 Bb7 10. Qd2 Nd7 11. Rad1 Nf6 12. d5 e5 13. h3 g5 14. h4 gxh4 15. Nxh4
Ng4 16. g3 Bc8 17. Qe2 Bf6 18. Nf5 h5 19. Qf3 Ng6 1/2-1/2

[Event "XtraCon-Skakligaen"]
[Site "Denmark"]
[Date "2010.01.09"]
[Round "4.8"]
[White "Petersen, Steen"]
[Black "Andersen, Frank"]
[Result "1-0"]
[WhiteElo "2154"]
[BlackElo "2162"]
[PlyCount "85"]
[EventDate "2009.11.07"]
[EventType "team-tourn"]
[EventRounds "9"]
[WhiteTeam "Bronshoj"]
[BlackTeam "SK1968"]
[WhiteTeamCountry "DEN"]
[BlackTeamCountry "DEN"]

1. e4 c5 2. Nf3 e6 3. d3 g6 4. d4 Bg7 5. dxc5 Na6 6. Bxa6 bxa6 7. O-O Bb7 8.
Re1 Rc8 9. c3 a5 10. Na3 Nf6 11. Nc4 O-O 12. Nd6 Rb8 13. Nd4 e5 14. Nc2 Qc7 15.
b4 Bc6 16. a4 Rfd8 17. f3 Ne8 18. Bg5 f6 19. Be3 Bf8 20. Nxe8 Rxe8 21. Qe2 Rec8
22. Red1 Kg7 23. Rd2 d6 24. b5 Be8 25. c6 f5 26. exf5 gxf5 27. f4 a6 28. c4 Kh8
29. Rad1 axb5 30. cxb5 Qf7 31. Qd3 Qe6 32. Qc3 Rc7 33. Qxa5 Rg7 34. Qc3 Bh5 35.
Re1 Bf3 36. fxe5 dxe5 37. Bd4 Be4 38. Bxe5 Re8 39. Bf4 Be7 40. g3 Bf6 41. Qb4
Qc8 42. Ne3 h5 43. Nd5 1-0

[Event "XtraCon-Skakligaen"]
[Site "Denmark"]
[Date "2010.01.09"]
[Round "4.1"]
[White "Antonsen, Mikkel"]
[Black "Pedersen, Daniel V"]
[Result "1-0"]
[WhiteElo "2439"]
[BlackElo "2303"]
[PlyCount "53"]
[EventDate "2009.11.07"]
[EventType "team-tourn"]
[EventRounds "9"]
[WhiteTeam "Naestved"]
[BlackTeam "Aalborg"]
[WhiteTeamCountry "DEN"]
[BlackTeamCountry "DEN"]

1. d4 d5 2. c4 e6 3. Nf3 Nf6 4. Nc3 Be7 5. Bg5 O-O 6. e3 h6 7. Bh4 b6 8. Be2
Bb7 9. Bxf6 Bxf6 10. cxd5 exd5 11. b4 c5 12. bxc5 bxc5 13. Rb1 Bc6 14. O-O Re8
15. Qd2 c4 16. Ne5 Bxe5 17. dxe5 Na6 18. Rfd1 Nc7 19. f4 f6 20. e4 fxe5 21.
exd5 Bd7 22. d6 Bf5 23. dxc7 Qxd2 24. Rxd2 Bxb1 25. Nxb1 Rac8 26. Rd7 Kf8 27.
Bh5 1-0

[Event "XtraCon-Skakligaen"]
[Site "Denmark"]
[Date "2010.01.09"]
[Round "4.2"]
[White "Hjorth, Torben"]
[Black "Jorgensen, Brian Jorgen"]
[Result "0-1"]
[WhiteElo "2165"]
[BlackElo "2267"]
[PlyCount "56"]
[EventDate "2009.11.07"]
[EventType "team-tourn"]
[EventRounds "9"]
[WhiteTeam "Aalborg"]
[BlackTeam "Naestved"]
[WhiteTeamCountry "DEN"]
[BlackTeamCountry "DEN"]

1. e4 e6 2. d4 d5 3. Nc3 Nf6 4. Bg5 Bb4 5. e5 h6 6. Be3 Ne4 7. Qg4 Kf8 8. Bd3
Nxc3 9. a3 Ba5 10. Bd2 c5 11. Bxc3 Bxc3+ 12. bxc3 Qa5 13. Kd2 cxd4 14. Ne2
dxc3+ 15. Ke1 Nc6 16. f4 Nb4 17. Qf3 Bd7 18. Kf2 Nxd3+ 19. cxd3 Rc8 20. Rhf1 c2
21. Qe3 g6 22. Nd4 Kg7 23. Kg1 Rc3 24. a4 Rhc8 25. Rac1 Qxa4 26. Rf3 Bb5 27.
Nxb5 Qxb5 28. f5 Qc5 0-1

[Event "XtraCon-Skakligaen"]
[Site "Denmark"]
[Date "2010.01.09"]
[Round "4.3"]
[White "Olsen, Nils Linde"]
[Black "Nielsen, Jorgen G"]
[Result "0-1"]
[WhiteElo "2256"]
[BlackElo "2171"]
[PlyCount "118"]
[EventDate "2009.11.07"]
[EventType "team-tourn"]
[EventRounds "9"]
[WhiteTeam "Naestved"]
[BlackTeam "Aalborg"]
[WhiteTeamCountry "DEN"]
[BlackTeamCountry "DEN"]

1. d4 Nf6 2. c4 e6 3. Nf3 d5 4. Bg5 h6 5. Bxf6 Qxf6 6. Nc3 Bb4 7. Qb3 Nc6 8. e3
dxc4 9. Bxc4 O-O 10. O-O Bd6 11. Ne4 Qe7 12. Qc3 Bd7 13. Rfd1 Bb4 14. Qc2 Rac8
15. Rac1 Bd6 16. Qc3 Bb4 17. Qd3 Na5 18. Bb5 Bd6 19. Bxd7 Qxd7 20. Nc5 Bxc5 21.
Rxc5 b6 22. Rc3 Qd5 23. b4 Nb7 24. Qa6 Nd6 25. Rdc1 Qb5 26. Qxb5 Nxb5 27. Rc6
a5 28. bxa5 bxa5 29. R6c5 Nd6 30. Ne5 Ne4 31. Rxa5 Ra8 32. Rxa8 Rxa8 33. f3 Nd6
34. Rc2 f6 35. Nd7 Nf5 36. Kf2 Ra3 37. Re2 Kf7 38. Nc5 Ne7 39. Nb3 Nd5 40. Rc2
Ke8 41. e4 Nb4 42. Rxc7 Rxa2+ 43. Kg3 g5 44. Nc5 Nc2 45. Nxe6 Ne3 46. Rh7 Rxg2+
47. Kh3 Rf2 48. Ng7+ Kf8 49. Nh5 Rxf3+ 50. Ng3 Rf2 51. Nf5 Nxf5 52. exf5 Rxf5
53. Kg4 Rf2 54. Kh5 Rxh2+ 55. Kg6 Rf2 56. d5 g4 57. d6 Ke8 58. Rxh6 Kd7 59. Rh4
f5 0-1

[Event "XtraCon-Skakligaen"]
[Site "Denmark"]
[Date "2010.01.09"]
[Round "4.4"]
[White "Nielsen, Finn Winther"]
[Black "Schyberg, Brian"]
[Result "1-0"]
[WhiteElo "2028"]
[BlackElo "2126"]
[PlyCount "83"]
[EventDate "2009.11.07"]
[EventType "team-tourn"]
[EventRounds "9"]
[WhiteTeam "Aalborg"]
[BlackTeam "Naestved"]
[WhiteTeamCountry "DEN"]
[BlackTeamCountry "DEN"]

1. e4 Nc6 2. d4 d5 3. e5 f6 4. f4 Nh6 5. c3 Bf5 6. Bd3 Qd7 7. Nf3 Be4 8. O-O e6
9. Qe2 f5 10. Be3 Be7 11. Nbd2 Nf7 12. Rac1 O-O-O 13. Bb5 Rdg8 14. c4 Nfd8 15.
c5 g5 16. Nxe4 dxe4 17. Nxg5 Bxg5 18. fxg5 Nf7 19. Qd2 h6 20. gxh6 Rg6 21. Ba4
Nxh6 22. b4 Ng4 23. Bxc6 bxc6 24. Bf4 Nxh2 25. Bxh2 Qh7 26. g3 Rh6 27. Rc2 Qg6
28. Qe3 Rh4 29. Rg2 Rg4 30. a4 Rf8 31. Rf4 Rg5 32. b5 Qe8 33. Qc3 Rg7 34. Rb2
cxb5 35. c6 bxa4 36. Rb7 Qh5 37. Rxa7 Kd8 38. Ra8+ Ke7 39. Qc5+ Kf7 40. Qxf8+
Kg6 41. Qf6+ Kh7 42. Rh4 1-0

[Event "XtraCon-Skakligaen"]
[Site "Denmark"]
[Date "2010.01.09"]
[Round "4.6"]
[White "Hansen, John Nyholm"]
[Black "Pedersen, Dimon Paul"]
[Result "1-0"]
[WhiteElo "2089"]
[BlackElo "2085"]
[PlyCount "75"]
[EventDate "2009.11.07"]
[EventType "team-tourn"]
[EventRounds "9"]
[WhiteTeam "Aalborg"]
[BlackTeam "Naestved"]
[WhiteTeamCountry "DEN"]
[BlackTeamCountry "DEN"]

1. e4 c5 2. Nf3 Nc6 3. d4 cxd4 4. Nxd4 Nf6 5. Nc3 e5 6. Ndb5 d6 7. Bg5 a6 8.
Na3 b5 9. Bxf6 gxf6 10. Nd5 f5 11. c3 Bg7 12. exf5 Bxf5 13. Nc2 Ne7 14. Nce3
Be6 15. Nxe7 Qxe7 16. g3 O-O 17. Bg2 Rad8 18. Bd5 e4 19. O-O Bxd5 20. Qxd5 Qe5
21. Rfe1 Rfe8 22. Rad1 b4 23. cxb4 Qxb2 24. Rb1 Qe5 25. Red1 Kf8 26. Rbc1 Qxd5
27. Rxd5 Ke7 28. Ra5 Ke6 29. Rxa6 Rc8 30. Rd1 Red8 31. b5 Ra8 32. Rdxd6+ Rxd6
33. Rxa8 Rd2 34. a4 Rb2 35. Rc8 Rb4 36. Rc4 Rxc4 37. Nxc4 Kd5 38. Na5 1-0

[Event "XtraCon-Skakligaen"]
[Site "Denmark"]
[Date "2010.01.09"]
[Round "4.7"]
[White "Norgaard, Kim"]
[Black "Sonderstrup, Bjarne"]
[Result "0-1"]
[WhiteElo "2084"]
[BlackElo "2094"]
[PlyCount "78"]
[EventDate "2009.11.07"]
[EventType "team-tourn"]
[EventRounds "9"]
[WhiteTeam "Naestved"]
[BlackTeam "Aalborg"]
[WhiteTeamCountry "DEN"]
[BlackTeamCountry "DEN"]

1. e4 c5 2. d4 cxd4 3. c3 dxc3 4. Nxc3 Nc6 5. Nf3 e6 6. Bf4 d6 7. Bc4 a6 8. O-O
Be7 9. Qe2 Nf6 10. Rfd1 Bd7 11. Bxd6 O-O 12. e5 Ne8 13. Ne4 Nxd6 14. Nxd6 Qc7
15. Rac1 Rad8 16. Qe4 Be8 17. Bd3 g6 18. Nc4 Nb4 19. Nd6 Nc6 20. Nc4 Nb4 21.
Nd6 Nc6 22. Nxe8 Rfxe8 23. Nd4 Rd5 24. Nxc6 bxc6 25. Bxa6 Red8 26. Re1 Qb6 27.
Bc4 Rd2 28. Rf1 Bc5 29. Rc2 R8d4 30. Rxd2 Rxe4 31. b3 Rxe5 32. Rfd1 Rf5 33. Rf1
h5 34. h4 Qc7 35. Kh1 Qf4 36. Rd8+ Kg7 37. g3 Qf3+ 38. Kh2 Bxf2 39. Rd3 Bxg3+
0-1

[Event "XtraCon-Skakligaen"]
[Site "Denmark"]
[Date "2010.01.09"]
[Round "4.8"]
[White "Lysberg, Jan Peter"]
[Black "Nielsen, Kai Sten"]
[Result "1-0"]
[WhiteElo "2034"]
[BlackElo "2162"]
[PlyCount "115"]
[EventDate "2009.11.07"]
[EventType "team-tourn"]
[EventRounds "9"]
[WhiteTeam "Aalborg"]
[BlackTeam "Naestved"]
[WhiteTeamCountry "DEN"]
[BlackTeamCountry "DEN"]

1. d4 Nf6 2. Nf3 e6 3. Bg5 h6 4. Bh4 c5 5. c3 d5 6. e3 Nc6 7. Ne5 Bd7 8. Nxd7
Qxd7 9. Nd2 Rc8 10. Qa4 Bd6 11. dxc5 Bxc5 12. Rd1 Rd8 13. Be2 Be7 14. O-O e5
15. b4 a6 16. Bg3 O-O 17. Qb3 Qf5 18. b5 axb5 19. Qxb5 Rd7 20. f3 Rfd8 21. Bd3
Qe6 22. f4 Ne4 23. f5 Qf6 24. Bxe4 Qg5 25. Bb1 Qxe3+ 26. Bf2 Qxc3 27. Nb3 d4
28. Rc1 Qb4 29. Qd3 Bf6 30. Nc5 Rc7 31. a3 Qb6 32. Ne4 Ne7 33. Nxf6+ gxf6 34.
Rxc7 Qxc7 35. Be1 Nd5 36. Bd2 Kf8 37. Rc1 Nc3 38. Qf3 Qb6 39. Bd3 Qb2 40. Bxh6+
Ke8 41. Rc2 Qb1+ 42. Qf1 Qxf1+ 43. Kxf1 Ra8 44. Bc1 Kd7 45. Bc4 Kd6 46. Bd2
Rxa3 47. Bxc3 dxc3 48. Ke2 Kc5 49. Bxf7 Kd4 50. Ra2 Rxa2+ 51. Bxa2 Ke4 52. Bb1+
Kf4 53. g3+ Kg4 54. Ke3 b5 55. Ke4 b4 56. Bc2 Kh3 57. Bd1 Kxh2 58. g4 1-0

[Event "XtraCon-Skakligaen"]
[Site "Denmark"]
[Date "2010.01.09"]
[Round "4.1"]
[White "Aabling Thomsen, Jakob"]
[Black "Rasmussen, Allan Stig"]
[Result "0-1"]
[WhiteElo "2312"]
[BlackElo "2534"]
[PlyCount "56"]
[EventDate "2009.11.07"]
[EventType "team-tourn"]
[EventRounds "9"]
[WhiteTeam "Norresundby"]
[BlackTeam "Jetsmark"]
[WhiteTeamCountry "DEN"]
[BlackTeamCountry "DEN"]

1. e4 c6 2. d4 d5 3. e5 Bf5 4. Nc3 a6 5. Be3 Qc7 6. g4 Bd7 7. f4 h5 8. gxh5 Nh6
9. Bd3 Bg4 10. Qd2 e6 11. Nge2 c5 12. dxc5 Bxc5 13. O-O-O Nd7 14. Rdf1 O-O-O
15. Rhg1 Rdg8 16. Rg3 Bxh5 17. Rfg1 g6 18. Na4 Bxe2 19. Bxe2 Bxe3 20. Rxe3 d4
21. Rb3 Nf5 22. Bd3 b5 23. Bxf5 bxa4 24. Rbg3 exf5 25. Qxd4 Qb6 26. Qc4+ Kb8
27. Qxf7 Nc5 28. Rxg6 Rxg6 0-1

[Event "XtraCon-Skakligaen"]
[Site "Denmark"]
[Date "2010.01.09"]
[Round "4.2"]
[White "Glud, Jakob Vang"]
[Black "Andreasen, Per Naesby"]
[Result "1-0"]
[WhiteElo "2481"]
[BlackElo "2230"]
[PlyCount "71"]
[EventDate "2009.11.07"]
[EventType "team-tourn"]
[EventRounds "9"]
[WhiteTeam "Jetsmark"]
[BlackTeam "Norresundby"]
[WhiteTeamCountry "DEN"]
[BlackTeamCountry "DEN"]

1. c4 e5 2. g3 Nf6 3. Bg2 c6 4. d4 exd4 5. Qxd4 d5 6. Nf3 Be7 7. O-O O-O 8.
cxd5 cxd5 9. Nc3 Nc6 10. Qa4 Qb6 11. Qb5 Qxb5 12. Nxb5 Bf5 13. Nfd4 Nxd4 14.
Nxd4 Be4 15. Bh3 Bc5 16. Be3 h5 17. Rfc1 Bb6 18. a4 Ng4 19. a5 Bd8 20. Bd2 Bf6
21. Ra4 Ne5 22. Rc7 Nc4 23. Bc3 Nd6 24. Bb4 b5 25. Ra2 Bxd4 26. Bxd6 Rfd8 27.
Be7 Rdb8 28. Bc5 Bxc5 29. Rxc5 d4 30. b4 a6 31. Rxh5 d3 32. exd3 Bxd3 33. Rd2
Rd8 34. Rc5 g6 35. Bg2 Ra7 36. Bd5 1-0

[Event "XtraCon-Skakligaen"]
[Site "Denmark"]
[Date "2010.01.09"]
[Round "4.3"]
[White "Jorgensen, Jorgen"]
[Black "Pedersen, Christian Kyndel"]
[Result "0-1"]
[WhiteElo "2315"]
[BlackElo "2452"]
[PlyCount "68"]
[EventDate "2009.11.07"]
[EventType "team-tourn"]
[EventRounds "9"]
[WhiteTeam "Norresundby"]
[BlackTeam "Jetsmark"]
[WhiteTeamCountry "DEN"]
[BlackTeamCountry "DEN"]

1. Nf3 Nf6 2. c4 b6 3. g3 Bb7 4. Bg2 c5 5. O-O e6 6. Nc3 Be7 7. d4 cxd4 8. Qxd4
O-O 9. b3 d6 10. Bb2 a6 11. Rfd1 Qc7 12. Rac1 Nbd7 13. e4 Rac8 14. Nd2 Qb8 15.
h3 Rfe8 16. a4 Bf8 17. a5 bxa5 18. Ra1 Ne5 19. Na4 Nc6 20. Qe3 Nd7 21. Nb6 Nxb6
22. Qxb6 Be7 23. Qe3 Bd8 24. Nf3 e5 25. Ne1 Ba8 26. Nc2 Bb6 27. Qe1 Bc5 28. Rd3
Qb6 29. Ne3 Nb4 30. Rd2 Bc6 31. Bc3 Bd7 32. Nd5 Nxd5 33. cxd5 Qxb3 34. Bxa5
Qxg3 0-1

[Event "XtraCon-Skakligaen"]
[Site "Denmark"]
[Date "2010.01.09"]
[Round "4.4"]
[White "Baekgaard, Martin"]
[Black "Sorensen, Bent"]
[Result "1/2-1/2"]
[WhiteElo "2287"]
[BlackElo "2240"]
[PlyCount "78"]
[EventDate "2009.11.07"]
[EventType "team-tourn"]
[EventRounds "9"]
[WhiteTeam "Jetsmark"]
[BlackTeam "Norresundby"]
[WhiteTeamCountry "DEN"]
[BlackTeamCountry "DEN"]

1. d4 d5 2. c4 c6 3. Nf3 Nf6 4. Nc3 e6 5. Bg5 h6 6. Bxf6 Qxf6 7. e3 g6 8. Rc1
Nd7 9. Bd3 dxc4 10. Bxc4 Bg7 11. O-O O-O 12. Qc2 Kh7 13. Rfd1 Qe7 14. Bb3 b6
15. e4 Bb7 16. d5 cxd5 17. exd5 Nc5 18. Qe2 Nxb3 19. axb3 Rad8 20. dxe6 Qxe6
21. Qxe6 fxe6 22. Re1 Bxf3 23. gxf3 Rd2 24. Rxe6 Rxb2 25. Re7 Kg8 26. Ne4 Rf7
27. Rc8+ Bf8 28. Re6 Rxb3 29. Rxg6+ Kh7 30. Rf6 Rxf3 31. Rxf3 Rxf3 32. Rc7+ Kg6
33. Rxa7 Rf4 34. Nc3 Bc5 35. Ra2 Kf5 36. Re2 Rc4 37. Nb5 Rb4 38. Nc3 Rb3 39.
Ne4 Rb4 1/2-1/2

[Event "XtraCon-Skakligaen"]
[Site "Denmark"]
[Date "2010.01.09"]
[Round "4.5"]
[White "Kolbak, Jens"]
[Black "Christensen, Stefan"]
[Result "0-1"]
[WhiteElo "2344"]
[BlackElo "2228"]
[PlyCount "116"]
[EventDate "2009.11.07"]
[EventType "team-tourn"]
[EventRounds "9"]
[WhiteTeam "Norresundby"]
[BlackTeam "Jetsmark"]
[WhiteTeamCountry "DEN"]
[BlackTeamCountry "DEN"]

1. f4 d5 2. Nf3 Bg4 3. Ne5 Bf5 4. d4 Nf6 5. e3 e6 6. Be2 Be7 7. O-O h5 8. c4 c6
9. Nc3 Nbd7 10. cxd5 cxd5 11. Bd2 h4 12. a4 O-O 13. a5 a6 14. Be1 Ne4 15. Nxe4
Bxe4 16. Nxd7 Qxd7 17. Bd3 Bxd3 18. Qxd3 g6 19. Bc3 f5 20. g4 hxg3 21. hxg3 Kf7
22. Kg2 Rh8 23. Rh1 Rag8 24. Rxh8 Rxh8 25. Rh1 Rxh1 26. Kxh1 Qa4 27. Kg2 Qb3
28. Qd2 Ke8 29. Kf2 Kd7 30. Qc1 Bb4 31. Qd2 Bxc3 32. bxc3 Qa3 33. g4 Qxa5 34.
Qb2 b5 35. Kg3 Qa4 36. gxf5 gxf5 37. Qh2 Qa3 38. Qh7+ Qe7 39. Qg8 Kc7 40. Kf3
Kb7 41. Ke2 a5 42. Kd2 b4 43. cxb4 Qxb4+ 44. Ke2 Qc4+ 45. Kd2 Qc6 46. Qf8 Ka6
47. Qe7 Kb5 48. Ke2 Ka4 49. Kd2 Qb6 50. Kc1 Qc6+ 51. Kd2 Qb6 52. Kc1 Kb5 53.
Kd2 Kc4 54. Ke2 Qb2+ 55. Kf3 Kd3 56. Kg3 Qc1 57. Kh4 Qxe3 58. Kg5 Qg3+ 0-1

[Event "XtraCon-Skakligaen"]
[Site "Denmark"]
[Date "2010.01.09"]
[Round "4.8"]
[White "Rathlev, Jakob"]
[Black "Kaysfeld, Henrik"]
[Result "1-0"]
[WhiteElo "2237"]
[BlackElo "2195"]
[PlyCount "79"]
[EventDate "2009.11.07"]
[EventType "team-tourn"]
[EventRounds "9"]
[WhiteTeam "Jetsmark"]
[BlackTeam "Norresundby"]
[WhiteTeamCountry "DEN"]
[BlackTeamCountry "DEN"]

1. c4 f5 2. g3 Nf6 3. Bg2 g6 4. Nc3 Bg7 5. d3 O-O 6. e4 fxe4 7. dxe4 d6 8. Nge2
Nc6 9. O-O e5 10. Nd5 h6 11. h3 g5 12. Be3 Be6 13. Qd2 Qd7 14. Kh2 g4 15. h4
Kh7 16. Rfd1 Ne7 17. Nxf6+ Rxf6 18. c5 Bf7 19. Nc3 Rd8 20. Qe2 a6 21. Rac1 Rf8
22. cxd6 cxd6 23. Nd5 Bxd5 24. exd5 Kh8 25. Be4 R6f7 26. Kg1 h5 27. Bb6 Rc8 28.
Qe3 Qb5 29. b3 Rcf8 30. a4 Qe8 31. Rc7 Nf5 32. Bxf5 Rxf5 33. Qe4 Rf3 34. Be3 b5
35. axb5 axb5 36. Ra1 R3f7 37. Rxf7 Qxf7 38. Ra7 Qf6 39. Rb7 Bh6 40. Qh7# 1-0

[Event "XtraCon-Skakligaen"]
[Site "Denmark"]
[Date "2010.01.10"]
[Round "5.1"]
[White "Semcesen, Daniel"]
[Black "Matthiesen, Arne"]
[Result "1-0"]
[WhiteElo "2460"]
[BlackElo "2322"]
[PlyCount "71"]
[EventDate "2009.11.07"]
[EventType "team-tourn"]
[EventRounds "9"]
[WhiteTeam "K41"]
[BlackTeam "SK1968"]
[WhiteTeamCountry "DEN"]
[BlackTeamCountry "DEN"]

1. Nf3 c5 2. c4 g6 3. e3 Bg7 4. d4 Nf6 5. Nc3 O-O 6. Be2 d5 7. dxc5 Qa5 8. O-O
dxc4 9. Bxc4 Qxc5 10. Qe2 Bg4 11. Bb3 Qh5 12. h3 Bxf3 13. Qxf3 Qxf3 14. gxf3
Nc6 15. Rd1 Rfd8 16. Kf1 Na5 17. Bc2 Rxd1+ 18. Bxd1 Rd8 19. Be2 Nd5 20. Nxd5
Rxd5 21. Rb1 e6 22. f4 Nc6 23. b4 Ne7 24. Rb3 Bf6 25. Bf3 Rd7 26. Ke2 Rc7 27.
Bd2 Nf5 28. Rd3 Kf8 29. Kd1 Be7 30. Bc3 Nd6 31. Be5 Rd7 32. Kc2 Ke8 33. Kb3 Kd8
34. a4 b5 35. Bc6 bxa4+ 36. Bxa4 1-0

[Event "XtraCon-Skakligaen"]
[Site "Denmark"]
[Date "2010.01.10"]
[Round "5.2"]
[White "Matthiesen, Martin"]
[Black "Lund, Silas"]
[Result "0-1"]
[WhiteElo "2295"]
[BlackElo "2411"]
[PlyCount "54"]
[EventDate "2009.11.07"]
[EventType "team-tourn"]
[EventRounds "9"]
[WhiteTeam "SK1968"]
[BlackTeam "K41"]
[WhiteTeamCountry "DEN"]
[BlackTeamCountry "DEN"]

1. d4 d5 2. c4 c6 3. Nf3 e6 4. e3 Nd7 5. b3 f5 6. Bd3 Nh6 7. O-O Qf6 8. Qc2 Bd6
9. Ba3 Bxa3 10. Nxa3 O-O 11. Rfc1 g5 12. b4 a6 13. Qb2 Nf7 14. Qe2 g4 15. Nd2
Kh8 16. Nc2 Qg7 17. a4 Nf6 18. b5 a5 19. Rab1 Ng5 20. Ne1 Bd7 21. Nb3 cxb5 22.
cxb5 b6 23. Rc7 Nfe4 24. Rbc1 Rf7 25. Rb7 Rg8 26. Kh1 f4 27. Qxg4 Nxf2+ 0-1

[Event "XtraCon-Skakligaen"]
[Site "Denmark"]
[Date "2010.01.10"]
[Round "5.3"]
[White "Hagen, Andreas Skytte"]
[Black "Bank, Pelle Rodkjaer"]
[Result "1-0"]
[WhiteElo "2331"]
[BlackElo "2261"]
[PlyCount "81"]
[EventDate "2009.11.07"]
[EventType "team-tourn"]
[EventRounds "9"]
[WhiteTeam "K41"]
[BlackTeam "SK1968"]
[WhiteTeamCountry "DEN"]
[BlackTeamCountry "DEN"]

1. d4 g6 2. c4 Bg7 3. e4 c5 4. d5 d6 5. Bd3 Nf6 6. Nc3 O-O 7. h3 e6 8. Nf3 exd5
9. exd5 Qe7+ 10. Be3 Bh6 11. O-O Bxe3 12. fxe3 Qxe3+ 13. Rf2 a6 14. Qf1 Nbd7
15. Re1 Qh6 16. g4 Qg7 17. Qg2 b5 18. Qg3 bxc4 19. Bb1 Rb8 20. Qxd6 Rb6 21. Qc7
Rb7 22. Qf4 Nb6 23. Rd1 Rd7 24. d6 Re8 25. Ne5 Nh5 26. gxh5 Rxe5 27. h6 Qh8 28.
Be4 f5 29. Bc6 Qf6 30. Bxd7 Bxd7 31. h4 Bc6 32. Rfd2 Bd7 33. Kf2 Kf7 34. Re1
Rxe1 35. Kxe1 Bc6 36. Re2 Qd4 37. Re7+ Kg8 38. Ne2 Qd5 39. Qe5 Qh1+ 40. Kd2 c3+
41. Qxc3 1-0

[Event "XtraCon-Skakligaen"]
[Site "Denmark"]
[Date "2010.01.10"]
[Round "5.4"]
[White "Hansen, Lars"]
[Black "Greger, Roland Reinhard"]
[Result "1/2-1/2"]
[WhiteElo "2209"]
[BlackElo "2382"]
[PlyCount "122"]
[EventDate "2009.11.07"]
[EventType "team-tourn"]
[EventRounds "9"]
[WhiteTeam "SK1968"]
[BlackTeam "K41"]
[WhiteTeamCountry "DEN"]
[BlackTeamCountry "DEN"]

1. e4 e6 2. d3 c5 3. g3 Nc6 4. Bg2 d6 5. f4 Nge7 6. Nf3 g6 7. O-O Bg7 8. c3 Bd7
9. Be3 O-O 10. Na3 Rb8 11. d4 cxd4 12. Nxd4 Nc8 13. Rf2 a6 14. Nac2 e5 15. Nxc6
bxc6 16. Nb4 a5 17. Nd3 f6 18. Rc1 Be6 19. c4 Ne7 20. Qd2 Qc7 21. b3 c5 22. Nb2
f5 23. fxe5 Bxe5 24. Nd3 Bg7 25. Bh3 Bd7 26. Nf4 Rbe8 27. Rd1 Be5 28. Nd3 Bd4
29. Bxd4 cxd4 30. Nf4 Nc6 31. exf5 Bxf5 32. Nd5 Qg7 33. Bxf5 Rxf5 34. Rxf5 gxf5
35. Rf1 Re5 36. Qd3 Qg5 37. Rf4 h5 38. Qf1 Kg7 39. a3 Ne7 40. Nxe7 Qxe7 41. Qd3
Re1+ 42. Kf2 a4 43. bxa4 Rc1 44. Qxd4+ Kg6 45. Qd2 Rh1 46. Kg2 Re1 47. Kh3 Re4
48. a5 h4 49. Rxe4 fxe4 50. Kg2 Qe6 51. Qd4 h3+ 52. Kf1 Qf5+ 53. Qf2 Qxa5 54.
Qe3 Qe5 55. Kf2 Qb2+ 56. Qe2 Qd4+ 57. Ke1 Qc3+ 58. Kf1 e3 59. Qg4+ Kf6 60. Qf4+
Ke7 61. Qe4+ Kd8 1/2-1/2

[Event "XtraCon-Skakligaen"]
[Site "Denmark"]
[Date "2010.01.10"]
[Round "5.5"]
[White "Rasmussen, Casper Dahl"]
[Black "Hansen, Bjarne"]
[Result "1-0"]
[WhiteElo "2373"]
[BlackElo "2248"]
[PlyCount "107"]
[EventDate "2009.11.07"]
[EventType "team-tourn"]
[EventRounds "9"]
[WhiteTeam "K41"]
[BlackTeam "SK1968"]
[WhiteTeamCountry "DEN"]
[BlackTeamCountry "DEN"]

1. Nf3 g6 2. c4 Bg7 3. d4 d6 4. g3 e5 5. dxe5 dxe5 6. Qxd8+ Kxd8 7. Nc3 Be6 8.
Ng5 Bxc4 9. b3 h6 10. bxc4 hxg5 11. Bg2 c6 12. Ne4 Nh6 13. Bxg5+ Kc7 14. O-O
Nd7 15. Rfd1 f6 16. Bd2 Bf8 17. Rab1 Nf5 18. Bc3 Be7 19. g4 Nd4 20. Bxd4 exd4
21. Rxd4 Ne5 22. c5 Rhd8 23. Nd6 b6 24. g5 f5 25. f4 Nf7 26. Rc4 Nxd6 27. cxd6+
Rxd6 28. Rbc1 Rad8 29. Rxc6+ Kd7 30. Bf3 Rxc6 31. Rxc6 Bd6 32. e3 Re8 33. Kf2
Rh8 34. Kg3 Re8 35. Kf2 Rh8 36. Kg3 Re8 37. Rc3 Bc5 38. Kf2 Rh8 39. Kg3 Re8 40.
Bd5 Re7 41. Rd3 Rxe3+ 42. Rxe3 Bxe3 43. Bf7 Bd2 44. Bxg6 Ke6 45. h4 Be1+ 46.
Kh3 Bd2 47. Kg3 Be1+ 48. Kh3 Bd2 49. h5 Bxf4 50. Kh4 a5 51. Be8 Ke7 52. Bb5 Bd2
53. h6 f4 54. g6 1-0

[Event "XtraCon-Skakligaen"]
[Site "Denmark"]
[Date "2010.01.10"]
[Round "5.6"]
[White "Alkaersig, Ole"]
[Black "Nilsson, Sebastian"]
[Result "1/2-1/2"]
[WhiteElo "2162"]
[BlackElo "2312"]
[PlyCount "77"]
[EventDate "2009.11.07"]
[EventType "team-tourn"]
[EventRounds "9"]
[WhiteTeam "SK1968"]
[BlackTeam "K41"]
[WhiteTeamCountry "DEN"]
[BlackTeamCountry "DEN"]

1. e4 c5 2. Nc3 e6 3. g3 Nc6 4. Bg2 g6 5. d3 Bg7 6. Be3 Nd4 7. Nce2 Qb6 8. Rb1
d6 9. c3 Nxe2 10. Nxe2 Ne7 11. O-O O-O 12. d4 cxd4 13. Bxd4 Bxd4 14. Qxd4 Qc7
15. Rbd1 Rd8 16. f4 b6 17. Qf6 Bb7 18. Nd4 Rf8 19. h4 Qd8 20. Rf2 Nc8 21. Qg5
Qxg5 22. hxg5 Ne7 23. Rfd2 a6 24. Kf2 Rac8 25. Ne2 d5 26. e5 Kg7 27. Rh1 Rh8
28. g4 h6 29. gxh6+ Rxh6 30. Rxh6 Kxh6 31. g5+ Kg7 32. Nd4 Kf8 33. Ke3 Ke8 34.
Bf1 Kf8 35. Rh2 Kg7 36. Bd3 Rc7 37. Rd2 Rc8 38. Rh2 Rc7 39. Rd2 1/2-1/2

[Event "XtraCon-Skakligaen"]
[Site "Denmark"]
[Date "2010.01.10"]
[Round "5.7"]
[White "Schmidt, Kristen"]
[Black "Larsen, Pelle O"]
[Result "0-1"]
[WhiteElo "2281"]
[BlackElo "2132"]
[PlyCount "76"]
[EventDate "2009.11.07"]
[EventType "team-tourn"]
[EventRounds "9"]
[WhiteTeam "K41"]
[BlackTeam "SK1968"]
[WhiteTeamCountry "DEN"]
[BlackTeamCountry "DEN"]

1. e4 e6 2. d4 d5 3. e5 c5 4. c3 Nc6 5. Nf3 Bd7 6. Be2 f6 7. exf6 Nxf6 8. O-O
Bd6 9. Bg5 O-O 10. Nbd2 Qc7 11. Bh4 Kh8 12. dxc5 Bxc5 13. c4 Bd6 14. Nb3 dxc4
15. Nbd4 Ne5 16. Rc1 Nxf3+ 17. Nxf3 b5 18. Bg3 Bxg3 19. hxg3 Rad8 20. Qc2 Nd5
21. Ng5 Rf5 22. Nh3 h6 23. Bf3 Qb6 24. Bxd5 exd5 25. Rfe1 d4 26. Re7 d3 27. Qd2
Rff8 28. b3 Qd6 29. Re3 Bxh3 30. gxh3 Qd4 31. Qb4 a5 32. Qd2 Rde8 33. a4 Rxe3
34. fxe3 Qd7 35. Kh2 cxb3 36. Rc3 bxa4 37. Rxd3 Rf2+ 38. Qxf2 Qxd3 0-1